000 00757nam a2200205 a 4500
001 000019109
005 20200929165927.0
008 100525s1983 cu abc r 000 p spa d
040 _aDO-SdBNP
_bspa
_cBNPHU
082 _aCU861.44
_bN972c
100 1 _aNúñez Jiménez, Antonio,
_d1923-1998
_912579
245 1 0 _aGeopoética :
_bCuba, la naturaleza y el hombre /
_cAntonio Núñez Jiménez ; edición Rosario Esteva.
260 _aLa Habana :
_bLetras Cubanas,
_c1983.
300 _a508 p. :
_bil., mapas, retrs. ;.
504 _aIncluye referencias bibliográficas y notas al pie de las páginas
650 4 _aPoesía cubana
_ySIGLO XIX
_941120
650 4 _aLiteratura cubana
_ySIGLO XIX
_941121
700 1 _aEsteva, Rosario,
_eed.
_916399
049 _aBNGR
999 _c18627
_d18627